Methods of research and thesis writing / (Record no. 72686)
[ view plain ]
| 000 -LEADER | |
|---|---|
| fixed length control field | 00786nam a22002537i 4500 |
| 003 - CONTROL NUMBER IDENTIFIER | |
| control field | URS |
| 005 - DATE AND TIME OF LATEST TRANSACTION | |
| control field | 20230817141502.0 |
| 008 - FIXED-LENGTH DATA ELEMENTS--GENERAL INFORMATION | |
| fixed length control field | 170127s1995 ph ||||| |||| 00| 0 eng d |
| 020 ## - INTERNATIONAL STANDARD BOOK NUMBER | |
| International Standard Book Number | 9712318184 |
| 040 ## - CATALOGING SOURCE | |
| Transcribing agency | URS |
| 050 00 - LIBRARY OF CONGRESS CALL NUMBER | |
| Classification number | LB15 |
| Item number | .C137 1995 |
| 100 1# - MAIN ENTRY--PERSONAL NAME | |
| Personal name | Calmorin, Laurentina Paler. |
| Relator term | author |
| 245 10 - TITLE STATEMENT | |
| Title | Methods of research and thesis writing / |
| Statement of responsibility, etc. | Laurentina Paler Calmorin, Melchor A. Calmorin |
| 264 #1 - PRODUCTION, PUBLICATION, DISTRIBUTION, MANUFACTURE, AND COPYRIGHT NOTICE | |
| Place of production, publication, distribution, manufacture | Manila : |
| Name of producer, publisher, distributor, manufacturer | Rex Book Store, |
| Date of production, publication, distribution, manufacture, or copyright notice | [date of publication not identified]. |
| 264 #4 - PRODUCTION, PUBLICATION, DISTRIBUTION, MANUFACTURE, AND COPYRIGHT NOTICE | |
| Date of production, publication, distribution, manufacture, or copyright notice | ©1995 |
| 300 ## - PHYSICAL DESCRIPTION | |
| Extent | xiv, 390 p. |
| Other physical details | col. ill.; 22 cm. |
| 336 ## - CONTENT TYPE | |
| Content type term | text |
| Content type code | txt |
| Source | rdacontent |
| 337 ## - MEDIA TYPE | |
| Media type term | unmediated |
| Media type code | n |
| Source | rdamedia |
| 338 ## - CARRIER TYPE | |
| Carrier type term | volume |
| Carrier type code | nc |
| Source | rdacarrier |
| 650 #0 - SUBJECT ADDED ENTRY--TOPICAL TERM | |
| Topical term or geographic name entry element | Methods of Research |
| 650 #0 - SUBJECT ADDED ENTRY--TOPICAL TERM | |
| Topical term or geographic name entry element | English |
| 700 1# - ADDED ENTRY--PERSONAL NAME | |
| Personal name | Calmorin, Melchor A. |
| Relator term | author |
| 942 00 - ADDED ENTRY ELEMENTS (KOHA) | |
| Koha item type | Filipiniana |
| Source of classification or shelving scheme | Library of Congress Classification |
| Withdrawn status | Source of classification or shelving scheme | Damaged status | Not for loan | Collection code | Home library | Current library | Shelving location | Date acquired | Total Checkouts | Full call number | Barcode | Date last seen | Price effective from | Koha item type | Total Renewals | Date last checked out |
|---|---|---|---|---|---|---|---|---|---|---|---|---|---|---|---|---|
| Library of Congress Classification | Non-fiction | Tanay College Library | Tanay College Library | General Stacks | 01/27/2017 | LB15 C137 1995 | URSTAN-N30 | 02/03/2015 | 02/03/2015 | Reserved Books | ||||||
| Library of Congress Classification | Non-fiction | Tanay College Library | Tanay College Library | General Stacks | 04/24/2015 | 2 | LB15 .C137 1995 | URSTAN-257 | 10/22/2019 | 04/24/2015 | Reserved Books | 1 | 10/21/2019 | |||
| Library of Congress Classification | Non-fiction | Tanay College Library | Tanay College Library | General Stacks | 02/12/2020 | LB 15 .C137 1995 | URSTAN-N31 | 02/12/2020 | 02/12/2020 | Filipiniana | ||||||
| Library of Congress Classification | Non-fiction | Tanay College Library | Tanay College Library | General Stacks | 04/24/2015 | 2 | LB15 .C137 1995 | URSTAN-NEW257 | 10/22/2019 | 04/24/2015 | Reserved Books | 1 | 10/21/2019 |